Guess the Movie from the Characters #3 - Statistics

General Stats
  • This quiz has been taken 76 times
  • The average score is 6 of 10
Answer Stats
Hint Answer % Correct
Belle / Beast / Gaston / Lumière Beauty and the Beast
96%
Marlin / Dory / Nemo / Gill Finding Nemo
96%
Peter Quill (Star-Lord) / Gamora / Drax the Destroyer / Groot Guardians of the Galaxy
81%
Neo / Morpheus / Trinity / Agent Smith The Matrix
71%
Buddy Hobbs / Walter Hobbs / Papa Elf / Jovie Elf
67%
T-800 / Kyle Reese / Sarah Connor / Ed Traxler The Terminator
64%
Cady Heron / Regina George / Gretchen Wieners / Janis Ian Mean Girls
59%
Paul Edgecomb / Brutus "Brutal" Howell / John Coffey / Jan Edgecomb The Green Mile
29%
Donald "Don" Lockwood / Kathy Selden / Cosmo Brown / Lina Lamont Singin' in the Rain
12%
Cal Weaver / Jacob Palmer / Emily Weaver / Hannah Weaver Crazy, Stupid, Love
7%
No matching quizzes found
Score Distribution
Percent of People with Each Score
Percentile by Number Answered
Your Score History
You have not taken this quiz